000 00304nam a22001457a 4500
003 SGT
082 _a340.59,KOH
100 _aKOHLI,H.D
245 _aMUSLIM LAW CASES AND MATERIALS
250 _a1ST
260 _aNEW DELHI
_bUNIVERSAL
_c2012
300 _a647
653 _aMUSLIM LAW
942 _2ddc
_cBK
999 _c9788
_d9788